Pensar en las normas

Salvato in:
Dettagli Bibliografici
Autore principale: Guibourg, Ricardo A
Natura: Libro
Lingua:spagnolo
Pubblicazione: Buenos Aires EUDEBA 1999
Serie:Derecho
Soggetti:
Tags: Aggiungi Tag
Nessun Tag, puoi essere il primo ad aggiungerne!!

MARC

LEADER 00000nam a2200000 a 4500
001 UCO1918
003 CL-VaPUC
008 000525e19990000AG |||||||||||||||||spa|d
082 0 4 |a 340.1  |b GUI  |2 21 
100 |a Guibourg, Ricardo A  |9 608543 
245 1 0 |a Pensar en las normas 
300 |a 237 p 
942 |c BK 
945 |d 20000525 00:00:00  |a vberengu 
260 |a Buenos Aires  |b EUDEBA  |c 1999 
650 0 |a Ciencia del Derecho  |9 391907 
650 7 |a CULTURA JURIDICA  |2 CL-VaPUC  |9 400992 
650 0 |a Estado de derecho  |9 257795 
650 0 |a Filosofía del derecho   |9 255050 
650 7 |a NORMAS  |2 CL-VaPUC  |9 259606 
650 0 |a Teoría del derecho  |9 255982 
583 |a last modification  |c 20000525 00:00:00  |k Rodrigo Vera 
490 0 |a Derecho 
999 |c 288486  |d 288484 
952 |0 0  |1 0  |4 0  |6 340_100000000000000_GUI_1999  |7 0  |8 DER_TF  |9 336174  |a BIBDER  |b BIBDER  |d 2019-11-20  |i 3604462  |o 340.1 GUI 1999  |p 3604462  |r 2023-01-25  |w 2019-11-20  |x Ubicación 4to Piso  |y BK  |z Estos recursos deben solicitarse con anticipación  |k DER